000
00292nam a22001217a 4500
008
160518b xxu||||| |||| 00| 0 eng d
020
_a
9780071749466
020
_a
0071749462
041
_a
eng
080
_a
617
245
_a
Neuro-ophthalmology:
_c
Ashok Garg; Emanuel Rosen;
942
_2
udc
_c
BK
999
_c
2158
_d
2158